| 000 | 01545nam0a22003131 4500 | ||
|---|---|---|---|
| 001 | v19\rc\1617515 | ||
| 005 | 20061002120358.5 | ||
| 035 | _a(NLR Aleph) 004735670 | ||
| 090 |
_a4469438 _c4469438 |
||
| 100 | _a20061002d1898 |||y0rusy50 ca | ||
| 101 | 0 | _arus | |
| 102 | _aRU | ||
| 105 | _ay z ||||| | ||
| 200 | 1 |
_aК вопросу о водоснабжении и канализации г. Николаева _eДокл. д-ра Э.Э. Кибера по предложенным Николаев. гор. управою вопросам и постановления О-ва мор. врачей и О-ва врачей в г. Николаеве |
|
| 210 |
_aНиколаев _cтип. А.Г. Шнейдера _d1898 |
||
| 215 |
_a42 с. _d26 |
||
| 311 | _aПрил. к протоколу заседания О-ва врачей в г. Николаеве 30 июля 1898 г. | ||
| 422 | 0 | _12001#$aПротокол заседания Общества врачей в г. Николаеве 30 июля 1898 г. | |
| 532 | 1 | 2 | _aК вопросу о водоснабжении и канализации города Николаева |
| 700 | 1 |
_aКибер _bЭ. Э. _f1845- _gЭдуард Эмильевич |
|
| 712 | 0 | 2 | _aНиколаевское о-во морских врачей |
| 712 | 0 | 2 | _aНиколаевское о-во врачей |
| 801 | 0 |
_aRU _bNLR _gpsbo |
|
| 801 | 0 |
_aRU _bRuMoRGB _2psbo |
|
| 801 | 1 |
_aRU _bProSoft-M _2rusmarc |
|
| 852 |
_aNLR _j18.282.2.276 |
||
| 899 |
_aRuMoRGB _jS 45/361 |
||
| 942 | _cBOOK | ||
| 980 | _aNB | ||